Quản lý bảo trì công nghiệp

Sparad:
Bibliografiska uppgifter
Huvudupphovsman: Phạm, Ngọc Tuấn
Materialtyp: Bok
Språk:Undetermined
Publicerad: Thành phố Hồ Chí Minh Đại học Quốc gia 2004
Ämnen:
Taggar: Lägg till en tagg
Inga taggar, Lägg till första taggen!
Thư viện lưu trữ: Trung tâm Học liệu Trường Đại học Cần Thơ
LEADER 00615nam a2200193Ia 4500
001 CTU_96315
008 210402s9999 xx 000 0 und d
020 |c 15000 
082 |a 620.0046 
082 |b T502 
100 |a Phạm, Ngọc Tuấn 
245 0 |a Quản lý bảo trì công nghiệp 
245 0 |c Phạm Ngọc Tuấn 
260 |a Thành phố Hồ Chí Minh 
260 |b Đại học Quốc gia 
260 |c 2004 
650 |a Maintainability (Engineering),Operations research,Reliability (Engineering) 
904 |i Truc 
980 |a Trung tâm Học liệu Trường Đại học Cần Thơ